<?xml version="1.0" encoding="UTF-8"?><?xml-stylesheet type="text/xsl" href="static/style.xsl"?><OAI-PMH xmlns="http://www.openarchives.org/OAI/2.0/" xmlns:xsi="http://www.w3.org/2001/XMLSchema-instance" xsi:schemaLocation="http://www.openarchives.org/OAI/2.0/ http://www.openarchives.org/OAI/2.0/OAI-PMH.xsd"><responseDate>2026-04-17T00:59:38Z</responseDate><request verb="GetRecord" identifier="oai:www.recercat.cat:10459.1/72459" metadataPrefix="marc">https://recercat.cat/oai/request</request><GetRecord><record><header><identifier>oai:recercat.cat:10459.1/72459</identifier><datestamp>2024-12-05T22:07:36Z</datestamp><setSpec>com_2072_3622</setSpec><setSpec>col_2072_479130</setSpec></header><metadata><record xmlns="http://www.loc.gov/MARC21/slim" xmlns:dcterms="http://purl.org/dc/terms/" xmlns:xsi="http://www.w3.org/2001/XMLSchema-instance" xmlns:doc="http://www.lyncode.com/xoai" xsi:schemaLocation="http://www.loc.gov/MARC21/slim http://www.loc.gov/standards/marcxml/schema/MARC21slim.xsd">
   <leader>00925njm 22002777a 4500</leader>
   <datafield ind2=" " ind1=" " tag="042">
      <subfield code="a">dc</subfield>
   </datafield>
   <datafield ind2=" " ind1=" " tag="720">
      <subfield code="a">Pérez Aparicio, Alicia</subfield>
      <subfield code="e">author</subfield>
   </datafield>
   <datafield ind2=" " ind1=" " tag="720">
      <subfield code="a">Llorens Calveras, Jordi</subfield>
      <subfield code="e">author</subfield>
   </datafield>
   <datafield ind2=" " ind1=" " tag="720">
      <subfield code="a">Rosell Polo, Joan Ramon</subfield>
      <subfield code="e">author</subfield>
   </datafield>
   <datafield ind2=" " ind1=" " tag="720">
      <subfield code="a">Martí, Jordi</subfield>
      <subfield code="e">author</subfield>
   </datafield>
   <datafield ind2=" " ind1=" " tag="720">
      <subfield code="a">Gemeno Marín, César</subfield>
      <subfield code="e">author</subfield>
   </datafield>
   <datafield ind2=" " ind1=" " tag="260">
      <subfield code="c">2021-12-01T10:48:16Z</subfield>
   </datafield>
   <datafield ind2=" " ind1=" " tag="260">
      <subfield code="c">2021-12-01T10:48:16Z</subfield>
   </datafield>
   <datafield ind2=" " ind1=" " tag="260">
      <subfield code="c">2021-10-11</subfield>
   </datafield>
   <datafield ind2=" " ind1=" " tag="260">
      <subfield code="c">2021-12-01T10:48:16Z</subfield>
   </datafield>
   <datafield ind2=" " ind1=" " tag="520">
      <subfield code="a">Automated pheromone dispensers disrupt the mating behaviour of pest moths by releasing pheromone during their daily activity period, which is not the same for all target species. These periods usually occur in or close to night time and last just a few hours, so automated sampling devices are needed to characterize them. However, the commercially available automated models do not provide enough temporal resolution for characterizing the short diel periods of sexual activity of moths. Thus, we built and tested a relatively cheap and simple high-temporal-resolution image-sensor insect trap. It consisted of a Raspberry Pi computer with an infrared camera operated by open-source software and housed in a plastic box. The Raspberry Pi was powered by a solar panel and rechargeable battery that were mounted on a solid and weather-proof structure made of cheap materials. Pictures were downloaded by WiFi from the Raspberry's SD card to a computer. Six traps baited either with synthetic sex pheromone or with females of Grapholita molesta (Busk) were tested in the field. The traps were sturdy, reliable and easy to use, taking pictures at 10 min intervals, 24 h a day for over two months. These pictures confirmed previous results regarding the period of sexual activity of the oriental fruit moth, which will aid in determining the optimal time for operating automated pheromone dispensers.</subfield>
   </datafield>
   <datafield ind2=" " ind1=" " tag="520">
      <subfield code="a">A.  Pérez-Aparicio  was  supported  by  &#xd;
a  pre-doctoral  JADE  scholarship  from  the  University  of  Lleida.  &#xd;
C.  Gemeno  was  supported  by  grant  AGL2016-77373-C2-2-R  &#xd;
(MEYC, Spain) and J. Llorens by a postdoctoral position at the &#xd;
University of Lleida. We are thankful to Vallfonda (Raimat SL) &#xd;
for allowing us to use the almond orchard.</subfield>
   </datafield>
   <datafield ind1="8" ind2=" " tag="024">
      <subfield code="a">http://hdl.handle.net/10459.1/72459</subfield>
   </datafield>
   <datafield tag="653" ind2=" " ind1=" ">
      <subfield code="a">Mating disruption</subfield>
   </datafield>
   <datafield tag="653" ind2=" " ind1=" ">
      <subfield code="a">flight activity</subfield>
   </datafield>
   <datafield tag="653" ind2=" " ind1=" ">
      <subfield code="a">Grapholita molesta</subfield>
   </datafield>
   <datafield tag="653" ind2=" " ind1=" ">
      <subfield code="a">pheromone trap catches</subfield>
   </datafield>
   <datafield tag="653" ind2=" " ind1=" ">
      <subfield code="a">Raspberry Pi</subfield>
   </datafield>
   <datafield ind2="0" ind1="0" tag="245">
      <subfield code="a">A Cheap electronic sensor automated trap for monitoring the flight activity period of moths</subfield>
   </datafield>
</record></metadata></record></GetRecord></OAI-PMH>